000
00265nam a2200109Ia 4500
008
190216s9999||||xx |||||||||||||| ||und||
100
_a
Himanshu Joshi
245
0
_a
Hindi - Es Barphir Barf Giri To (stories)
260
_b
Null
_c
2005
650
_a
Hindi
942
_c
BK
999
_c
16445
_d
16445